Property market holding up (Record no. 69058)
[ view plain ]
| 000 -LEADER | |
|---|---|
| fixed length control field | 00993cam a2200193 4500 |
| 001 - CONTROL NUMBER | |
| control field | WB3747-17 |
| 008 - FIXED-LENGTH DATA ELEMENTS--GENERAL INFORMATION | |
| fixed length control field | 011210n2001 000 0 eng u |
| 035 ## - SYSTEM CONTROL NUMBER | |
| System control number | (Sirsi) u115926 |
| 245 ## - TITLE STATEMENT | |
| Title | Property market holding up |
| 260 ## - PUBLICATION, DISTRIBUTION, ETC. | |
| Date of publication, distribution, etc. | 2001 |
| 490 ## - SERIES STATEMENT | |
| Series statement | Estate Agency News |
| Volume/sequential designation | (174) December 2001/January 2002, 2(1) |
| 520 ## - SUMMARY, ETC. | |
| Summary, etc. | The latest Home Report by Bradford & Bingley indicates that, despite widespread fears of a recession and the impact of 11September, properties are shifting in an average of 10 weeks. This is the fastest time recorded in the six years of the Report. The Report is based on data covering the last five transactions at each of Bradford & Bingley's 317 estate agency offices. However, 80% of staff surveyed admitted they are starting to see signs of increased customer caution. |
| 590 ## - LOCAL NOTE (RLIN) | |
| Local note | WB |
| 650 ## - SUBJECT ADDED ENTRY--TOPICAL TERM | |
| Topical term or geographic name entry element | BRADFORD & BINGLEY |
| 650 ## - SUBJECT ADDED ENTRY--TOPICAL TERM | |
| Topical term or geographic name entry element | SURVEY |
| 650 ## - SUBJECT ADDED ENTRY--TOPICAL TERM | |
| Topical term or geographic name entry element | HOUSE PRICES |
| 690 ## - LOCAL SUBJECT ADDED ENTRY--TOPICAL TERM (OCLC, RLIN) | |
| Topical term or geographic name as entry element | PROPERTY-RESIDENTIAL PROPERTY-RESIDENTIAL PROPERTY MARKET |
| 942 ## - ADDED ENTRY ELEMENTS (KOHA) | |
| Suppress in OPAC | 0 |
| Withdrawn status | Lost status | Source of classification or shelving scheme | Damaged status | Not for loan | Home library | Current library | Shelving location | Date acquired | Total Checkouts | Full call number | Barcode | Date last seen | Copy number | Price effective from | Koha item type |
|---|---|---|---|---|---|---|---|---|---|---|---|---|---|---|---|
| Dewey Decimal Classification | London | London | News article | 10/12/2001 | WB3747-17 | 115926-1001 | 06/08/2019 | 1 | 06/08/2019 | News article |